| 000 | 01424nmc a2200457 a 4500 | ||
|---|---|---|---|
| 003 | AR-BaBNM | ||
| 005 | 20251128203939.0 | ||
| 008 | 011101s1992 ||||||||||||||000 | spa|| | ||
| 020 | _a84-7046-487-6 | ||
| 040 | _cAR-BaBNM | ||
| 100 | 1 | _aParrilla Latas, Angeles | |
| 245 | 1 | 0 |
_aEl profesor ante la integración escolar _binvestigación y formación |
| 260 |
_aBuenos Aires _bEditorial Cincel _c1992 |
||
| 300 | 0 | _a213 p. | |
| 490 | 0 | _aColección Investigación y formación del profesorado | |
| 504 | _aBibliografía: p. 195-213 | ||
| 650 | 4 | _aINTEGRACION ESCOLAR | |
| 650 | 4 | _aPROFESORES-TUTORES | |
| 650 | 4 | _aFORMACION PROFESIONAL | |
| 650 | 4 | _aNORMAS PROFESIONALES DEL DOCENTE | |
| 650 | 4 | _aROL DEL DOCENTE | |
| 650 | 4 | _aALUMNOS | |
| 650 | 4 | _aPRACTICA DOCENTE | |
| 650 | 4 | _aINVESTIGACION SOBRE EL CURRICULO | |
| 650 | 4 | _aDINAMICA DE GRUPO | |
| 650 | 4 | _aINVESTIGADORES EN EDUCACION | |
| 650 | 4 | _aTRABAJO EN EQUIPO | |
| 650 | 4 | _aEXPERIENCIA PROFESIONAL | |
| 650 | 4 | _aMETODOS DE INVESTIGACION | |
| 650 | 4 | _aMETODOS DE CAPACITACION | |
| 650 | 4 | _aCENTROS PEDAGOGICOS | |
| 650 | 4 | _aPROYECTOS DE INVESTIGACION | |
| 650 | 4 | _aEXPERIENCIA PEDAGOGICA | |
| 650 | 4 | _aEDUCACION ESPECIAL | |
| 653 | 0 | _aINTERACCION EDUCATIVA | |
| 653 | 0 | _aESTRATEGIAS DIDACTICAS | |
| 700 | 1 |
_aZabalza Beraza, Miguel Angel _eprologuista |
|
| 800 | 1 | _aMedina Rivilla, Antonio | |
| 942 | _cBK | ||
| 998 | _cEthel | ||
| 999 |
_c5575 _d5575 |
||